| 000 | 00777nam a2200229 a 4500 | ||
|---|---|---|---|
| 005 | 20240911064824.0 | ||
| 008 | 090527s2005 mx r 000 0 spa d | ||
| 020 | _a9703702155 | ||
| 035 | _aUPN01000170706 | ||
| 049 | _aCG | ||
| 050 | 4 |
_aF1229 _bP6.4 |
|
| 100 | 1 | _aPoblett Miranda, Martha | |
| 245 | 1 | 0 |
_aLázaro Cárdenas / _cMartha Poblett. |
| 260 |
_aMéxico : _bPlaneta, _c2005. |
||
| 300 | _a126 p. | ||
| 440 | 0 |
_aDivulgación. _pGrandes protagonistas de la historia mexicana / biografías |
|
| 600 | 1 | 4 |
_aCARDENAS DEL RIO, LAZARO, _d1895-1970 |
| 600 | 1 | 4 |
_aCárdenas, Lázaro, _d1895-1970 _xCrítica e interpretación _96662 |
| 650 | 2 |
_aPresidentes _zMéxico _vBiografía _96029 |
|
| 651 | 2 |
_aMéxico _xPolítica y gobierno _y1946-1970 _vFuentes _99514 |
|
| 905 | _aLibro | ||
| 999 |
_c142811 _d142811 |
||